| 000 | 01331cab a2200385 4500 | ||
|---|---|---|---|
| 001 | WB3004-66 | ||
| 008 | 090401t1994 xxu||||| |||| 00| 0 eng d | ||
| 035 | _a(Sirsi) u58699 | ||
| 041 | _aeng | ||
| 245 | _aChannel rail route finalised | ||
| 260 | _c1994 | ||
| 350 | _a0 | ||
| 490 |
_aDepartment of Transport Press Notice _v(27) 24 January 1994 |
||
| 490 |
_aFinancial Times _v25 January 1994, 1,8 |
||
| 490 |
_aGuardian _v25 January 1994, 2 |
||
| 490 |
_aRICS Press Release _v(PR3/94inf) 24 January 1994 |
||
| 520 | _aThe Channel Tunnel rail link route is confirmed except for two short stretches at Ashford and Pepperhill, where uncertainty remains for property owners. The RICS is calling for fairer compensation. St Pancras will be the London terminus. | ||
| 650 | _aBLIGHT | ||
| 650 | _aCHANNEL TUNNEL RAIL LINK | ||
| 650 | _aCOMPENSATION | ||
| 650 |
_aCompulsory purchase _96228 |
||
| 650 | _aEBBSFLEET | ||
| 650 | _aKINGS CROSS | ||
| 650 | _aPEPPER HILL | ||
| 650 | _aRAINHAM | ||
| 650 | _aROUTE | ||
| 650 | _aST PANCRAS | ||
| 650 | _aSTRATFORD | ||
| 650 | _aTUNNELS | ||
| 650 | _aUNION RAILWAYS | ||
| 690 | _aENVIRONMENTAL AND LAND CONSULTANCY-PLANNING AND DEVELOPMENT-COMPULSORY PURCHASE AND COMPENSATION | ||
| 690 | _aTRANSPORT AND COMMUNICATIONS | ||
| 942 | _n0 | ||
| 948 | _c04/03/1997 | ||
| 999 |
_c35889 _d35889 |
||